LEADER 01037nam0-22003251--450- 001 990003550790403321 005 20060331123030.0 035 $a000355079 035 $aFED01000355079 035 $a(Aleph)000355079FED01 035 $a000355079 100 $a20030910d1964----km-y0itay50------ba 101 0 $aita 102 $aIT 105 $ay-------001yy 200 1 $a<>attivitą tributaria dal 1954 al 1964.$erelazione al Presidente del consiglio del Ministro per le finanze Tremelloni$fMinistero delle finanze 210 $aRoma$cIstituto Poligrafico dello Stato$d1964 215 $a2 v.(XV, 278; XII, 324 p.)$d25 cm 676 $a336$v21$zita 710 01$aItalia.$bMinistero delle finanze$0356818 801 0$aIT$bUNINA$gRICA$2UNIMARC 901 $aBK 912 $a990003550790403321 952 $aSE 059.07.13-$b038436$fDECSE 952 $aXIV P 9(1)$b74674$fFGBC 952 $aXIV P 9(2)$b76169$fFGBC 959 $aDECSE 959 $aFGBC 996 $aAttivitą tributaria dal 1954 al 1964$9492743 997 $aUNINA